000 00261nam a22001097a 4500
082 _a294/CHA
100 _aChattopadhyay,Utpal
_983263
245 _aThe Wonder That Is Hinduism
260 _aKolkata
_bBlossom Books
_c2021
650 _aRegigon
_983264
942 _cBK
999 _c68111
_d68111